[Event "CZE-chT2C 1213"]
[Site "Czech Republic"]
[Date "2012.10.14"]
[Round "1.2"]
[White "Danes, Jaroslav"]
[Black "Pravdik, Kamil"]
[Result "1/2-1/2"]
[WhiteElo "2250"]
[BlackElo "2103"]
[PlyCount "72"]
[EventDate "2012.10.14"]
[EventType "team-tourn"]
[EventRounds "11"]
[EventCountry "CZE"]
[SourceTitle "EXT 2015"]
[Source "ChessBase"]
[SourceDate "2014.11.20"]
[SourceVersion "1"]
[SourceVersionDate "2014.11.20"]
[SourceQuality "1"]
[WhiteTeam "Kutna Hora"]
[BlackTeam "Tabor II"]
[WhiteTeamCountry "CZE"]
[BlackTeamCountry "CZE"]

1. e4 c5 2. Nf3 e6 3. d3 Nc6 4. Nbd2 d5 5. g3 Nf6 6. Bg2 Be7 7. 0-0 0-0 8. e5 Nd7 9. Re1 Qc7 10. Qe2 b5 11. h4 Bb7 12. Nf1 d4 13. N1h2 Nb4 14. Bg5 Rae8 15. Bxe7 Rxe7 16. Qd2 f5 17. exf6 Rxf6 18. a3 Nd5 19. Ng4 Rg6 20. Nfe5 Nxe5 21. Nxe5 Rf6 22. c4 bxc4 23. dxc4 Rf5 24. cxd5 Rxe5 25. Rxe5 Qxe5 26. Re1 Qd6 27. Qg5 e5 28. f4 h6 29. Qf5 Bxd5 30. fxe5 Qc6 31. Bxd5+ Qxd5 32. Qe4 Qb3 33. Qa8+ Kh7 34. Qe4+ Kg8 35. Qa8+ Kh7 36. Qe4+ Kg8 1/2-1/2

[Event "CZE-chT2C 1112"]
[Site "Czech Republic"]
[Date "2012.04.22"]
[Round "11.1"]
[White "Hinks Edwards, Thomas RJ"]
[Black "Danes, Jaroslav"]
[Result "1-0"]
[WhiteElo "2391"]
[BlackElo "2278"]
[PlyCount "71"]
[EventDate "2011.10.09"]
[EventType "team-tourn"]
[EventRounds "11"]
[EventCountry "CZE"]
[SourceTitle "EXT 2013"]
[Source "ChessBase"]
[SourceDate "2012.11.22"]
[SourceVersion "1"]
[SourceVersionDate "2012.11.22"]
[SourceQuality "1"]
[WhiteTeam "Kobylisy"]
[BlackTeam "Kutna Hora"]
[WhiteTeamCountry "CZE"]
[BlackTeamCountry "CZE"]

1. e4 e6 2. d4 d5 3. Nc3 dxe4 4. Nxe4 Nd7 5. Nf3 Ngf6 6. Nxf6+ Nxf6 7. Be3 Be7 8. Bd3 0-0 9. 0-0 b6 10. c4 Bb7 11. Qe2 c5 12. dxc5 Bxf3 13. gxf3 Bxc5 14. Kh1 Qc7 15. Rg1 g6 16. Bg5 Nh5 17. Rg4 Be7 18. Bh6 Rfe8 19. Rag1 Bf6 20. Qc2 Qe5 21. b4 Rad8 22. c5 Ng7 23. Bf4 Qh5 24. c6 e5 25. Be3 Ne6 26. Ba6 Nc7 27. Bc4 b5 28. Bb3 Be7 29. Bxa7 e4 30. fxe4 Bxb4 31. Be3 Ne6 32. Qe2 Bd6 33. Rxg6+ Qxg6 34. Rxg6+ hxg6 35. Qxb5 Kg7 36. Kg2 1-0